At bedside, stay stoic or display emotions? (Record no. 81226)

MARC details
000 -LEADER
fixed length control field 00561nam a22001937a 4500
003 - CONTROL NUMBER IDENTIFIER
control field CBULib
005 - DATE AND TIME OF LATEST TRANSACTION
control field 20240111095455.0
008 - FIXED-LENGTH DATA ELEMENTS--GENERAL INFORMATION
fixed length control field 230802b |||||||| |||| 00| 0 eng d
040 ## - CATALOGING SOURCE
Language of cataloging English
Transcribing agency CBULib
Description conventions rda
100 ## - MAIN ENTRY--PERSONAL NAME
9 (RLIN) 364
Personal name Lerner, B. H.
245 ## - TITLE STATEMENT
Title At bedside, stay stoic or display emotions?
Statement of responsibility, etc. / by B. H. Lerner
300 ## - PHYSICAL DESCRIPTION
Extent pages 350-355
336 ## - CONTENT TYPE
Source rdacontent
Content type term Text |
Content type code txt
337 ## - MEDIA TYPE
Source rdamedia
Media type term Unmediated |
Media type code n
338 ## - CARRIER TYPE
Source rdacarrier
Carrier type term Volume
Carrier type code nc
500 ## - GENERAL NOTE
General note In Vingerhoets, Ad (2008).
650 #0 - SUBJECT ADDED ENTRY--TOPICAL TERM
Topical term or geographic name entry element EMOTIONS
9 (RLIN) 1155
942 ## - ADDED ENTRY ELEMENTS (KOHA)
Source of classification or shelving scheme
Koha item type ARTICLE
Suppress in OPAC No
Holdings
Withdrawn status Lost status Source of classification or shelving scheme Damaged status Not for loan Collection code Home library Current library Shelving location Date acquired Total Checkouts Full call number Barcode Date last seen Price effective from Koha item type
          Main Library Open Access Collection CBU-MAIN LIBRARY, KITWE. CBU-MAIN LIBRARY, KITWE. General Stacks 08/02/2023   BF 575 Vin 81226 08/02/2023 08/02/2023 ARTICLE